000 01046cam a2200385 4500500
005 20260329004957.0
041 _afre
042 _adc
100 1 0 _aLacroix, Alexandre
_eauthor
245 0 0 _aGaspard Kœnig-Raphaël Enthoven. Sans interdit ?
260 _c2021.
500 _a3
690 _aCharlie Hebdo
690 _aCovid
690 _aCovid-19
690 _aÉtat
690 _aGaspard Kœnig
690 _aIslam
690 _aLaïcité
690 _aLibéralisme
690 _aLiberté
690 _aLiberté d’expression
690 _aLiberté de la presse
690 _aLibertés
690 _aMarine Le Pen
690 _aMontaigne
690 _aNégociation
690 _aNudge
690 _aPasse sanitaire
690 _aRaphaël Enthoven
690 _aReligion
690 _aSurveillance
786 0 _nPhilosophie magazine | 154 | 11 | 2021-11-01 | p. 34-36 | 1951-1787
856 4 1 _uhttps://shs.cairn.info/magazine-philosophie-magazine-2021-11-page-34?lang=fr&redirect-ssocas=7080
999 _c1839101
_d1839101